000
00225 a2200097 4500
001
49405
100
_a
Lawrero, T E
245
_a
Seven Pillars of Wisdom
260
_a
New York
_b
Doubleday & Company
_c
090
_c
31943
_d
31943
942
_a
NUST-CAE
_c
M
_c
24384
999
_c
284478
_d
284478